Представление документа в формате MARC21

Поле Инд. ПП Название Значение
Тип записи a
Библиографический уровень a
001 Контрольный номер 431470926a284579937d33118fb06ffc
005 Дата корректировки 20241212095410.0
020 a ISBN 978-5-7995-1373-3
041 0_ a Код языка текста rus
080 a Индекс УДК 691.587
097 b Оператор *Плё*
100 1_ a Автор Белов Н.А.
245 10 a Заглавие Способы ухода за бетонами при твердении в естественных условиях
b Продолж. заглавия статья
p Название части/ раздела - Текст : электронный
260 a Место издания Тверь
b Издательство ТвГТУ
520 0_ a Аннотация В статье рассмотрен вопрос о способах ухода за бетонами при твердении в естественных условиях в разные времена года. Описаны методы выдерживания свежеуложенного бетона с применением различных защитных покрытий, оборудований, проведением мероприятий, основным назначением которых является создание благоприятных 15 температурно-влажностных условий для твердения бетона и нарастания его прочности, а также получение качественных и долговечных в эксплуатации бетонных изделий и конструкций.
653 0_ a Ключевые слова Свежеуложенный бетон
a Ключевые слова Уход за бетоном
a Ключевые слова Поливка бетона
a Ключевые слова Периодическое увлажнение
a Ключевые слова Срок службы
a Ключевые слова Трещины
a Ключевые слова Надежность
a Ключевые слова Прочность
a Ключевые слова Влажность
a Ключевые слова Температура
700 12 a Другие авторы Новиченкова Т.Б.
700 12 a Другие авторы Смирнов М.А.
700 12 a Другие авторы Курятников Ю.Ю.
773 18 w Контрольный № источника b5f2281a861a4b79b61d0f71db93efb4
t Название источника Инновации и моделирование в строительном материаловедении и строительстве
d Место и дата издания Тверь : ТвГТУ, 2024
g Прочая информация С. 14-22
900 a Имя макрообъекта 001-000164436-000000000-0000-0000-01
901 t Тип документа a
950 a Редактор записи ст
951 i EL-ТГТУ? да